| 000 | 00743nam a2200229 u 4500 | ||
|---|---|---|---|
| 001 | 000023034 | ||
| 005 | 20200930021938.0 | ||
| 008 | 101124s1986 mx 000 0 spa d | ||
| 020 | _a968409341x | ||
| 040 |
_aDO-SdBNP _bspa _cBNPHU |
||
| 041 | 1 | 7 |
_aspa _heng _2Código de idiomas MARC |
| 082 |
_ann* _bnn* |
||
| 100 | 1 |
_aJones, Charles A. _947394 |
|
| 240 | 1 | 0 |
_aThe north-south dialogue. _lEspañol |
| 245 | 1 | 3 |
_aEl diálogo norte-sur : _bCharles A. Jones ; traducción Laura Garibay. |
| 260 |
_aMéxico, D. F. : _bEdamex, _c1986. |
||
| 300 |
_a225 p. ; _c21 cm. |
||
| 500 | _aIncluye índice analítico. | ||
| 534 |
_aTítulo de la obra en inglés : _tThe north-south dialogue |
||
| 700 | 1 |
_aGaribay, Laura, _etr. _945596 |
|
| 049 | _aBNGR | ||
| 999 |
_c22531 _d22531 |
||